Religion in Britain since 1945: (Record no. 22659)

MARC details
000 -LEADER
fixed length control field 00541nam a2200169Ia 4500
005 - DATE AND TIME OF LATEST TRANSACTION
control field 20250908155809.0
008 - FIXED-LENGTH DATA ELEMENTS--GENERAL INFORMATION
fixed length control field 081213s9999 xx 000 0 und d
050 ## - LIBRARY OF CONGRESS CALL NUMBER
Classification number BL759
Item number .D38 1994
100 ## - MAIN ENTRY--PERSONAL NAME
Personal name Davies, Grace
245 ## - TITLE STATEMENT
Title Religion in Britain since 1945:
Remainder of title beleiving without belonging
260 ## - PUBLICATION, DISTRIBUTION, ETC. (IMPRINT)
Date of publication, distribution, etc 1994
Place of publication, distribution, etc Oxford
Name of publisher, distributor, etc Blackwell
300 ## - PHYSICAL DESCRIPTION
Extent xiii, 226 p.;
Dimensions 23 cm.
440 ## - SERIES STATEMENT/ADDED ENTRY--TITLE
Title MAKING CONTEMPORARY BRITAIN
500 ## - GENERAL NOTE
General note includes bibliographical references and index
650 ## - SUBJECT ADDED ENTRY--TOPICAL TERM
Source of heading or term Great Britain
Topical term following geographic name as entry element Religion
Chronological subdivision 20th century
942 ## - ADDED ENTRY ELEMENTS (KOHA)
Item type Book
Source of classification or shelving scheme Library of Congress Classification
Holdings
Withdrawn status Lost status Source of classification or shelving scheme Damaged status Not for loan Collection code Home library Current library Shelving location Date acquired Total Checkouts Full call number Barcode Price effective from Koha item type
    Library of Congress Classification     Non-fiction Bishop Okullu Memorial Library (Limuru Campus) Bishop Okullu Memorial Library (Limuru Campus) General Circulation 15/12/2008   BL759.D38 1994 014368 15/12/2008 Book